000 01132cam a2200289 4500
999 _c41127
_d41127
001 3125765
003 OSt
005 20210702143916.0
008 700413m19699999maua b 001 0 eng
010 _a 69018006
040 _aDLC
_cDLC
_dDLC
_dICU
050 0 0 _aQC20
_b.B9
082 0 0 _a530.15
_bBYR/M
100 1 _aByron, Frederick W.
_98632
245 1 0 _aMathematics of classical and quantum physics
_c[by] Frederick W. Byron, Jr. [and] Robert W. Fuller.
260 _aReading, Mass.,
_aNew York
_bAddison-Wesley Pub. Co.
_bDover Publications
_c[1969-
_c1992
300 _ax,661 pages
_billus.
_c25 cm.
490 1 _aAddison-Wesley series in advanced physics
500 _aUnabridged, corrected republication of the work first published in two volumes
504 _aIncludes bibliographical references.
650 0 _aMathematical physics.
650 0 _aQuantum theory.
700 1 _aFuller, Robert W.
_q(Robert Works),
_d1936-,
_ejoint author.
830 0 _aA-W series in advanced physics.
906 _a7
_bcbc
_corignew
_du
_encip
_f19
_gy-gencatlg
942 _2ddc
_cBK
_h530.15
_iBYR/M
_k530.15
_mBYR/M